Регионална библиотека "Любен Каравелов" - Русе

Българите мохамедани - лъжи и спекулации. Ч. 2, Статии, бележки, научни доклади, кореспонденция на Дружба "Родина" (Запис номер 345346)

MARC детайли
000 -Лидер
Контролно поле с фиксирана дължина nam a22 a 4500
003 - Код на организацията, давaща контролен номер
Контролно поле BLK
005 - Дата и час на последна редакция
Контролно поле 20190919102728.0
008 - Елементи от данни с фиксирана дължина
fixed length control field 190919b bu ||||| |||| 00| 0 bu d
020 ## - Международен стандартен номер на книга ISBN
Международен стандартен номер на книга ISBN 9789543781645
040 ## - Източник на каталожния запис
Идентификатор на билиотеката - собственик на записа BLK
041 ## - Код за език
Код за езика на текст/звукозапис или на отделно заглавие Български
Код за езика КДБФ Български
080 ## - УДК
Текстов определител УДК Национални малцинства. Оптанти
УДК код - определител по УДК 323.15
УДК определител :28(497.2)(091)(062)
УДК - код + определител 323.15:28(497.2)(091)(062)
100 ## - Редна дума - Автор
R(LIN) 1478
Автор Алекова, Елена
Авторска отговорност състав.
245 ## - Сведения за заглавието
Заглавие Българите мохамедани - лъжи и спекулации. Ч. 2, Статии, бележки, научни доклади, кореспонденция на Дружба "Родина"
Редно поле (дума) състав., предг. Елена Алекова, Димитър М. Димитров
260 ## - Област на издателските данни
9 (RLIN) 209587
Място на издаване, разпространение и проч. София
Име на издателя, разпространителя и проч. Тангра ТанНакРа
Година на издаване 2019
Печатница София : Direct Services
300 ## - Физическа характеристика
Страници 556 с.
Илюстрации и др. с табл., ил., факс.
Размери/Мащаб 24 см
380 ## - Жанр
Жанр Обществени науки
490 ## - СЕРИИ (Колекции)
9 (RLIN) 207530
Име на серия Поредица Дружба Родина
504 ## - Забележка за наличие на библиография и др
Забележка за наличие на библиография и под. Библиогр. след отд. докл. и под линия
650 #0 - Допълнително описание по предмет – тема
9 (RLIN) 272405
Основно описание – тема или топоним Българомохамедани - история
653 #0 - Ключова дума – ненормативна
9 (RLIN) 391010
Ключова дума сборник
700 ## - Други автори (авторска отговорност)
9 (RLIN) 369762
Лично име Димитров, Димитър Михайлов
Автороска отговорност (Описва отношението между автора и произведението) съавт.
999 ## - СИСТЕМНИ КОНТРОЛНИ НОМЕРА
Koha biblionumber 345346
Koha biblioitemnumber 345346
942 ## - АРТИКУЛИ
Вид на библиотечния материал Книги
Скрит в OPAC Не
Периодичен библиозапис Да
Наличности
Код за отписване Код за изгубен артикул Източник на класификационната схема Код за повреда Коз за рестрикции Код за отдаване Артикулен № Име на библиотеката - собственик Име на библиотеката, в която се намира в момента Статус (Текущо местоположение) Дата на вписване в системата Местоположение - отдел Цена в лева Систематично азбучна сигнатура Баркод Цена в евро Служебен тип на артикула
  Не е изгубен Universal Decimal Classification Не е повреден само за читалня ползва се в читалня 746309 Регионална библиотека "Любен Каравелов" Русе Регионална библиотека "Любен Каравелов" Русе Хранилище 2019-09-24 Хранилище 18.00 Цб 296991 120000836568 9.20 Книги
  Не е изгубен Universal Decimal Classification Не е повреден без рестрикции заемане за дома 859280 Регионална библиотека "Любен Каравелов" Русе Регионална библиотека "Любен Каравелов" Русе Заемна - подръчен фонд 2021-10-29 Заемна - подръчен фонд 18.00 323(497.2)/Б 92 120000861495 9.20 Книги
Vip Innovations Ltd, Rousse, Bulgaria 2025